[Event "olm12 corr9198"]
[Site "?"]
[Date "1991.??.??"]
[Round "?"]
[White "Christoffel, Martin"]
[Black "Chouinard, Sylvain"]
[Result "1/2-1/2"]
[WhiteElo "2395"]
[BlackElo "2360"]
[PlyCount "51"]
[EventDate "1991.??.??"]
[Source "www.chesslib.no"]
[SourceDate "2004.05.04"]

1. e4 e5 2. f4 d5 3. exd5 e4 4. d3 Qxd5 5. Qe2 Nf6 6. Nc3 Bb4 7. Bd2 Bxc3 8. Bxc3 Bg4 9. dxe4 Qxe4 10. Qxe4+ Nxe4 11. Bxg7 Rg8 12. Be5 Nc6 13. Bd3 Nxe5 14. Bxe4 Nc4 15. Bxb7 Rb8 16. Bc6+ Ke7 17. b3 Rb6 18. Bf3 Re6+ 19. Kf2 Ne3 20. Re1 Bxf3 21. Kxf3 Nxg2 22. Rxe6+ fxe6 23. Ne2 Nh4+ 24. Ke3 Rg2 25. b4 Nf5+ 26. Kf3 1/2-1/2

[Event "Leon"]
[Site "Leon ESP"]
[Date "1989.??.??"]
[Round "?"]
[White "De la Villa Garcia, Jesus Maria"]
[Black "Estremera Panos, Sergio"]
[Result "1/2-1/2"]
[WhiteElo "2430"]
[BlackElo "2315"]
[PlyCount "79"]
[EventDate "1989.06.??"]
[Source "www.chesslib.no"]
[SourceDate "2004.05.04"]

1. e4 e5 2. f4 d5 3. exd5 c6 4. d3 exf4 5. Bxf4 cxd5 6. Nf3 Nf6 7. Nbd2 Nc6 8. d4 Bd6 9. Bg5 h6 10. Bxf6 Qxf6 11. c3 O-O 12. Be2 Bc7 13. O-O Qd6 14. Rf2 Bg4 15. Nf1 Rae8 16. Nh4 Bxe2 17. Rxe2 g6 18. g3 b5 19. a3 Na5 20. Qd3 Nc4 21. b3 Rxe2 22. Qxe2 Nxa3 23. b4 Nc4 24. Rxa7 Qc6 25. Ng2 Bb8 26. Ra2 Nd6 27. Qd3 Ne4 28. Rc2 Rc8 29. Nd2 Ng5 30. Nb3 Nh3+ 31. Kf1 Qf6+ 32. Ke1 Re8+ 33. Re2 Re4 34. Qxb5 Rxe2+ 35. Qxe2 Qf5 36. Nc1 Qb1 37. Kd1 Bd6 38. Qc2 Qa1 39. Qa2 Qxc3 40. Qd2 1/2-1/2

[Event "Proclient Cup"]
[Site "?"]
[Date "2004.07.06"]
[Round "3"]
[White "Kennaugh Charles"]
[Black "Gavrilov Alexei"]
[Result "0-1"]
[WhiteElo "2287"]
[BlackElo "2441"]
[PlyCount "76"]
[EventDate "2004.??.??"]
[Source "www.chesslib.no"]
[SourceDate "2004.05.04"]

1. e4 e5 2. f4 d5 3. exd5 exf4 4. Bc4 Qh4+ 5. Kf1 Bd6 6. Nc3 Ne7 7. Nb5 O-O 8. Nxd6 cxd6 9. d4 Bg4 10. Qe1 Qf6 11. Qf2 Rc8 12. Bb3 a5 13. a4 Nf5 14. c3 g5 15. Nf3 Re8 16. Bd2 Nd7 17. Kg1 h6 18. Rf1 Nf8 19. Bc4 Ng6 20. Ne1 Kg7 21. Nc2 Ngh4 22. Bc1 Re7 23. Bb5 Qg6 24. Ne1 Qh5 25. Nc2 f3 26. g3 Re2 27. Bxe2 fxe2 28. gxh4 exf1=Q+ 29. Kxf1 Re8 30. Be3 Nxh4 31. Ke1 f5 32. h3 Bd1 33. Kd2 Bxc2 34. Kxc2 f4 35. Re1 fxe3 36. Rxe3 Qf7 37. Qe2 Qf5+ 38. Kd2 Qf4 0-1

[Event "Slovaquie (championnat equipes)"]
[Site "?"]
[Date "2003.11.30"]
[Round "36.3"]
[White "Mokos Jozef"]
[Black "Biolek Richard"]
[Result "1/2-1/2"]
[WhiteElo "2289"]
[BlackElo "2436"]
[PlyCount "95"]
[EventDate "2003.??.??"]
[Source "www.chesslib.no"]
[SourceDate "2004.05.04"]

1. e4 e5 2. f4 d5 3. exd5 c6 4. dxc6 Nxc6 5. Bb5 Bc5 6. Qe2 Nge7 7. Nf3 O-O 8. fxe5 Bg4 9. c3 Bxf3 10. gxf3 Rc8 11. Na3 Ng6 12. d4 Bxd4 13. Bxc6 Qh4+ 14. Kf1 Rxc6 15. cxd4 Qxd4 16. Rg1 Re8 17. Rg4 Qd7 18. Re4 f5 19. Re3 Nf4 20. Qd2 Qc7 21. Rc3 Qxe5 22. Rxc6 bxc6 23. Nc4 Qe6 24. b3 Nd3 25. Ba3 Qd5 26. Kg2 Re2+ 27. Qxe2 Nf4+ 28. Kf1 Nxe2 29. Kxe2 Qe6+ 30. Kf2 Qh6 31. Kg2 Qg5+ 32. Kf2 Qh4+ 33. Kg2 Qg5+ 34. Kh1 Qh5 35. Rf1 h6 36. Bd6 Qe8 37. Be5 Qe7 38. Rf2 a5 39. Rd2 Qa7 40. a4 Kh7 41. Kg2 g5 42. Bc3 g4 43. Ne5 Qe3 44. Rd7+ Kg8 45. Rd8+ Kh7 46. Rd7+ Kg8 47. Rd8+ Kh7 48. Rd7+ 1/2-1/2

[Event "Lloyds Bank op"]
[Site "London"]
[Date "1982.??.??"]
[Round "1"]
[White "Hebden, Mark"]
[Black "Johansen, Darryl K"]
[Result "1/2-1/2"]
[WhiteElo "2415"]
[BlackElo "2310"]
[PlyCount "143"]
[EventDate "1982.08.??"]
[Source "ChessBase"]

1. e4 e5 2. f4 d5 3. exd5 exf4 4. Nf3 Bd6 5. d4 Ne7 6. c4 Ng6 7. Bd3 O-O 8. O-O c5 9. b4 b6 10. bxc5 bxc5 11. Nc3 Bg4 12. Ne4 cxd4 13. Nxd6 Qxd6 14. Bb2 Ne5 15. Qc2 Bxf3 16. gxf3 Nbd7 17. Bxd4 Rac8 18. Rac1 Rfe8 19. Bxh7+ Kh8 20. Bf5 Rxc4 21. Qe4 Nf6 22. Qxf4 Nxf3+ 23. Qxf3 Rxd4 24. Rc6 Qe5 25. Qh3+ Kg8 26. Qg3 Rxd5 27. Qxe5 Rdxe5 28. Ra6 R8e7 29. Rc6 Ne8 30. Bd3 g6 31. Bc4 Kg7 32. a4 f5 33. Rd1 Re4 34. h3 Re3 35. Kg2 Rc3 36. Bb5 Rxc6 37. Bxc6 Nf6 38. Rd6 Re2+ 39. Kf3 Rb2 40. Bb5 Rb3+ 41. Kg2 Rc3 42. Ra6 Rc7 43. Bc6 Nd7 44. Bb5 Nc5 45. Rd6 Ne4 46. Ra6 Re7 47. Rc6 Ng5 48. Bc4 Nf7 49. Ra6 Ne5 50. Bb5 g5 51. Kf2 Rc7 52. Ke3 Ng6 53. Kd4 Re7 54. Bd3 Rd7+ 55. Kc3 Nh4 56. Ra5 Kf6 57. Kd2 Nf3+ 58. Ke3 f4+ 59. Kxf3 Rxd3+ 60. Kg2 Rd2+ 61. Kf3 Rh2 62. Ke4 Rxh3 63. Ra6+ Kg7 64. Kf5 f3 65. Rxa7+ Kf8 66. Ra8+ Kf7 67. Ra7+ Kf8 68. Ra8+ Kg7 69. Ra7+ Kh6 70. Kg4 f2 71. Rf7 Rh4+ 72. Kg3 1/2-1/2

[Event "Makarska"]
[Site "Makarska"]
[Date "1995.??.??"]
[Round "9"]
[White "Zelic, Mladen"]
[Black "Loncar, Robert"]
[Result "0-1"]
[WhiteElo "2330"]
[BlackElo "2385"]
[PlyCount "52"]
[EventDate "1995.??.??"]
[Source "www.chesslib.no"]
[SourceDate "2004.05.04"]

1. e4 e5 2. f4 d5 3. exd5 exf4 4. Nf3 Bd6 5. d4 c6 6. Nc3 Nf6 7. dxc6 Nxc6 8. Bc4 O-O 9. O-O Bg4 10. Ne2 Rc8 11. Bb3 Nh5 12. c3 Qf6 13. h3 Bf5 14. g4 fxg3 15. Bg5 Qg6 16. Nh4 Qxg5 17. Nxf5 Bc7 18. Qc1 Qxc1 19. Raxc1 Rce8 20. Rce1 g6 21. Nh6+ Kg7 22. Nxf7 h6 23. Kg2 Re7 24. d5 Rexf7 25. Nxg3 Bxg3 26. dxc6 Rf2+ 0-1

[Event "Adelaide Open"]
[Site "Adelaide AUS"]
[Date "1990.??.??"]
[Round "6"]
[White "Handoko, Edhi"]
[Black "Levi, Eddy"]
[Result "1/2-1/2"]
[WhiteElo "2390"]
[BlackElo "2310"]
[PlyCount "93"]
[EventDate "1990.12.??"]
[Source "www.chesslib.no"]
[SourceDate "2004.05.04"]

1. e4 e5 2. f4 d5 3. exd5 c6 4. d3 Qxd5 5. Nc3 Qa5 6. Nf3 exf4 7. Bxf4 Bb4 8. Bd2 Qc7 9. Ne4 Bxd2+ 10. Qxd2 Ne7 11. d4 Bf5 12. Ng3 Bg6 13. Bd3 Nd7 14. O-O O-O-O 15. Ng5 Nf6 16. Bxg6 Nxg6 17. c4 Rhe8 18. Nf5 Ng4 19. g3 f6 20. Nh3 Kb8 21. c5 Re6 22. Nd6 Nh6 23. Rae1 Rxe1 24. Rxe1 Nf7 25. Nf5 Qd7 26. Qf2 Kc8 27. g4 Nh6 28. Nd6+ Kb8 29. Re4 Nf7 30. Nf5 Qd5 31. Qg3+ Ka8 32. Re1 Nh6 33. Nxh6 Qxd4+ 34. Nf2 gxh6 35. Rd1 Qxd1+ 36. Nxd1 Rxd1+ 37. Kf2 Rd2+ 38. Ke3 Rxb2 39. Qc7 a6 40. Qxh7 Ne5 41. h3 Rh2 42. Ke4 Rxh3 43. Kf5 Rf3+ 44. Ke6 Ka7 45. Qb1 Kb8 46. Qh7 Ka7 47. Qb1 1/2-1/2

[Event "Hastings 7475"]
[Site "Hastings ENG"]
[Date "1974.??.??"]
[Round "1"]
[White "Basman, Michael J"]
[Black "Diesen, Mark C"]
[Result "1/2-1/2"]
[WhiteElo "2400"]
[BlackElo "2295"]
[PlyCount "74"]
[EventDate "1974.12.??"]
[Source "www.chesslib.no"]
[SourceDate "2004.05.04"]

1. e4 e5 2. f4 d5 3. exd5 c6 4. Nc3 exf4 5. Nf3 Nf6 6. d4 Bd6 7. Qe2+ Qe7 8. Qxe7+ Kxe7 9. dxc6 Nxc6 10. Bd2 Bg4 11. Ne2 Ne4 12. c3 g5 13. Neg1 Kf6 14. Bd3 Bf5 15. Ne2 Rae8 16. Bxe4 Bxe4 17. Kf2 Re7 18. b3 Rhe8 19. Rhe1 b5 20. g3 Bxf3 21. Kxf3 g4+ 22. Kf2 f3 23. Nf4 Bxf4 24. Bxf4 Rxe1 25. Rxe1 Rxe1 26. Kxe1 Ke6 27. Kd2 b4 28. Be3 bxc3+ 29. Kxc3 Kd5 30. Bf2 Ne7 31. a4 Nf5 32. Kd3 Nd6 33. Be3 Ne4 34. b4 f5 35. Kc2 Kc4 36. d5 Kxb4 37. Bxa7 Kxa4 1/2-1/2

[Event "St Affrique Open 9th"]
[Site "?"]
[Date "2001.07.23"]
[Round "3.2"]
[White "Flouzat Jean-Marc"]
[Black "Flear Glenn C"]
[Result "0-1"]
[WhiteElo "2206"]
[BlackElo "2489"]
[PlyCount "52"]
[EventDate "2001.??.??"]
[Source "www.chesslib.no"]
[SourceDate "2004.05.04"]

1. e4 e5 2. f4 d5 3. exd5 c6 4. dxc6 Nxc6 5. Nf3 exf4 6. d4 Bd6 7. Bb5 Nge7 8. O-O O-O 9. c4 Bg4 10. Nc3 Nf5 11. Bxc6 bxc6 12. Ne2 g5 13. Qd3 Re8 14. h3 Bxf3 15. Qxf3 Nxd4 16. Nxd4 Bc5 17. Qxc6 Bxd4+ 18. Kh2 Rc8 19. Qh6 Re6 20. Qh5 Rxc4 21. Bxf4 gxf4 22. Rxf4 Rg6 23. Qe2 Rcc6 24. Rd1 Rcd6 25. Qc4 Bf6 26. Rdf1 Rd4 0-1

[Event "Warsaw Open"]
[Site "Warsaw POL"]
[Date "1989.??.??"]
[Round "?"]
[White "Kujawski, Adam"]
[Black "Juroszek, Tadeusz"]
[Result "0-1"]
[WhiteElo "2270"]
[BlackElo "2425"]
[PlyCount "44"]
[EventDate "1989.04.??"]
[Source "www.chesslib.no"]
[SourceDate "2004.05.04"]

1. e4 e5 2. f4 d5 3. exd5 c6 4. Qe2 cxd5 5. Qxe5+ Be7 6. b3 Nc6 7. Bb5 Be6 8. Nc3 Bh4+ 9. g3 Bf6 10. Bxc6+ bxc6 11. Qh5 d4 12. Ne4 d3 13. Nc3 Bxc3 14. dxc3 Nf6 15. Qd1 dxc2 16. Qxd8+ Rxd8 17. h3 Rd1+ 18. Kf2 Ne4+ 19. Kg2 Nxc3 20. Nf3 Bd5 21. Be3 Nb1 22. Rh2 Rd3 0-1

[Event "Bielsko Biala Open"]
[Site "Bielsko Biala"]
[Date "1990.??.??"]
[Round "2"]
[White "Grabarczyk, Bogdan"]
[Black "Juroszek, Tadeusz"]
[Result "0-1"]
[WhiteElo "2310"]
[BlackElo "2380"]
[PlyCount "54"]
[EventDate "1990.??.??"]
[Source "www.chesslib.no"]
[SourceDate "2004.05.04"]

1. e4 e5 2. f4 d5 3. exd5 c6 4. Qe2 cxd5 5. fxe5 Nc6 6. Nf3 Bc5 7. c3 d4 8. Qe4 Nge7 9. Bb5 O-O 10. b4 Bb6 11. Bxc6 Nxc6 12. b5 Nxe5 13. Nxe5 Re8 14. O-O f6 15. Kh1 Rxe5 16. Qh4 Qd5 17. d3 Re2 18. Qg3 Bc7 19. c4 Bxg3 20. cxd5 Be5 21. Nd2 b6 22. Nf3 Bb7 23. Rb1 Rc8 24. Ba3 Bxd5 25. Rbc1 Rxc1 26. Rxc1 Rxa2 27. Nxe5 fxe5 0-1

[Event "Richard Aronow mem"]
[Site "Philadelphia"]
[Date "2002.07.13"]
[Round "2"]
[White "Belorusov, Mikhail"]
[Black "Lapshun, Yury"]
[Result "1/2-1/2"]
[WhiteElo "2293"]
[BlackElo "2393"]
[PlyCount "127"]
[EventDate "2002.07.12"]
[Source "ChessBase"]
[SourceDate "2002.09.11"]

1. e4 e5 2. f4 d5 3. exd5 e4 4. Nc3 Nf6 5. d3 Bb4 6. Bd2 e3 7. Bxe3 Nxd5 8. Bd2 Bxc3 9. Bxc3 O-O 10. Qd2 Re8+ 11. Be2 Qd6 12. O-O-O Nxc3 13. Qxc3 Qxf4+ 14. Kb1 Nc6 15. Bf3 Bg4 16. Rf1 Bxf3 17. Nxf3 Re2 18. g3 Qe3 19. Nh4 Re8 20. a3 Re6 21. Nf5 Qe5 22. Qc4 h6 23. g4 Rxh2 24. Rhg1 b5 25. Qb3 g6 26. d4 Nxd4 27. Nxd4 Qxd4 28. Qxb5 Kg7 29. Rd1 Rd2 30. Rxd2 Qxd2 31. Qa4 a6 32. Ka2 Qd5+ 33. Ka1 Qe4 34. c4 Qd4 35. Rg2 c5 36. Ka2 Qd3 37. Qb3 Re3 38. Qxd3 Rxd3 39. b4 cxb4 40. axb4 Rc3 41. c5 a5 42. b5 Rxc5 43. Rb2 Rc7 44. Ka3 f5 45. gxf5 g5 46. Ka4 h5 47. b6 Rb7 48. Kxa5 Kf6 49. Ka6 Rb8 50. Ka7 Rg8 51. b7 g4 52. b8=Q Rxb8 53. Rxb8 Kxf5 54. Rh8 Kg5 55. Kb6 g3 56. Kc5 Kf4 57. Kd4 g2 58. Rf8+ Kg3 59. Rg8+ Kh2 60. Ke3 g1=Q+ 61. Rxg1 Kxg1 62. Kf3 h4 63. Kg4 h3 64. Kxh3 1/2-1/2

[Event "Leningrad op"]
[Site "Leningrad"]
[Date "1990.??.??"]
[Round "?"]
[White "Reprintsev, Alexander"]
[Black "Sofieva, Ainur"]
[Result "0-1"]
[WhiteElo "2315"]
[BlackElo "2370"]
[PlyCount "148"]
[EventDate "1990.??.??"]
[Source "ChessBase"]

1. e4 e5 2. f4 d5 3. exd5 e4 4. d3 Qxd5 5. Nc3 Bb4 6. Bd2 Bxc3 7. Bxc3 Ne7 8. Bxg7 Rg8 9. Be5 Nbc6 10. dxe4 Qxe4+ 11. Qe2 Qxe2+ 12. Nxe2 Nxe5 13. fxe5 Rg5 14. O-O-O Rxe5 15. Nc3 Bg4 16. Rd4 Bd7 17. Bc4 Bc6 18. Rf1 Nf5 19. Rg4 O-O-O 20. Rg5 Bxg2 21. Rgxf5 Bxf1 22. Rxf1 f5 23. Bd3 Rf8 24. Ne2 Kd7 25. Kd2 Ke7 26. Rf4 Kf6 27. Rh4 Rf7 28. Rh5 f4 29. Rh3 Kg5 30. Ng1 Ree7 31. Be2 Rg7 32. Rf3 Kf5 33. Bd3+ Ke5 34. Ne2 Rg2 35. h3 Reg7 36. Ke1 Rh2 37. b4 h6 38. b5 c6 39. a4 c5 40. a5 b6 41. axb6 axb6 42. Rf1 Ra7 43. Kd2 Ra4 44. Rf3 Ra3 45. Rf1 c4 46. Bxc4 f3 47. Rg1 fxe2 48. Bxe2 Raxh3 49. Rg8 Rf2 50. Re8+ Kd6 51. Ke1 Rf6 52. Rc8 Rh2 53. Bd3 Ke5 54. Kd1 h5 55. Rh8 h4 56. Kc1 h3 57. Kb2 Rh1 58. Rh4 h2 59. Be4 Rg1 60. Bb7 Rf2 61. Rh6 Kf5 62. Rh8 Kg6 63. Be4+ Kg5 64. Bc6 Rg4 65. Kb3 Rh4 66. Rg8+ Kf4 67. Rf8+ Kg3 68. Rg8+ Rg4 69. Rh8 Rf1 70. c4 Rh4 71. Rg8+ Kf2 72. Rg6 Rh3+ 73. Kb4 Rb1+ 74. Ka4 Rf3 0-1

[Event "Bagneux"]
[Site "Bagneux FRA"]
[Date "1996.??.??"]
[Round "3"]
[White "Ippolito, Manuel"]
[Black "Sinkovics, Peter"]
[Result "1/2-1/2"]
[WhiteElo "2280"]
[BlackElo "2405"]
[PlyCount "95"]
[EventDate "1996.??.??"]
[Source "www.chesslib.no"]
[SourceDate "2004.05.04"]

1. e4 e5 2. f4 d5 3. exd5 c6 4. Nc3 cxd5 5. fxe5 d4 6. Ne4 Qd5 7. Bd3 Nc6 8. Qe2 Nxe5 9. Nf3 Nxd3+ 10. cxd3 Be6 11. b3 Ne7 12. Bb2 Nc6 13. Rc1 Be7 14. O-O O-O 15. Qf2 Rad8 16. Qg3 f5 17. Rxc6 Qxc6 18. Bxd4 Rf7 19. Ne5 Qd5 20. Bc3 f4 21. Rxf4 Rxf4 22. Qxf4 Bc5+ 23. Nxc5 Qxc5+ 24. Qf2 Qa3 25. h3 Qxa2 26. Qg3 Qa3 27. b4 Qa4 28. Nc6 Rd7 29. Qb8+ Kf7 30. Ne5+ Ke7 31. Nxd7 Qxd7 32. Qxa7 Kf7 33. Qb8 Bf5 34. Qh8 Kg6 35. h4 h5 36. Qf8 Bxd3 37. Bxg7 Qf5 38. Qxf5+ Bxf5 39. Bf8 Kf7 40. Bh6 Ke6 41. Kf2 Kd7 42. Ke3 Bg4 43. Kd4 Be6 44. Ke5 Bg4 45. d4 Be6 46. d5 Bg4 47. Kd4 Kc8 48. Ke5 1/2-1/2

[Event "Eger Open"]
[Site "Eger"]
[Date "1995.??.??"]
[Round "?"]
[White "Frink, Ferenc"]
[Black "Basagic, Zlatko"]
[Result "0-1"]
[WhiteElo "2290"]
[BlackElo "2395"]
[PlyCount "90"]
[EventDate "1995.??.??"]
[Source "www.chesslib.no"]
[SourceDate "2004.05.04"]

1. e4 e5 2. f4 d5 3. exd5 c6 4. d4 exd4 5. dxc6 Nxc6 6. Nf3 Nf6 7. Bc4 Be7 8. c3 Bg4 9. O-O O-O 10. h3 Bxf3 11. Qxf3 Rc8 12. Bd3 dxc3 13. Nxc3 Bc5+ 14. Kh1 Re8 15. Rd1 Nd4 16. Qxb7 Rc7 17. Qa6 Nh5 18. Qa5 Qh4 19. Ne4 Rxe4 20. Bxe4 Ng3+ 21. Kh2 Nxe4 22. Qe1 Qxe1 23. Rxe1 Nc2 24. Rxe4 Nxa1 25. Re8+ Bf8 26. Bd2 Nc2 27. Ba5 Rb7 28. Rc8 Nb4 29. Bc7 Nd5 30. Bd6 Ne7 31. Ra8 f5 32. Bc5 Kf7 33. b3 Ng6 34. Bxa7 Nxf4 35. Kg3 Bd6 36. Kf3 Rc7 37. Bd4 Ne6 38. Bb6 Rc3+ 39. Kf2 Rc2+ 40. Kf1 Bg3 41. Ra7+ Kf6 42. Ra6 Ke5 43. b4 Nf4 44. Ra5+ Ke4 45. Rc5 Rf2+ 0-1

[Event "FSIM April"]
[Site "Budapest"]
[Date "2004.04.05"]
[Round "3"]
[White "Nagle, Sean"]
[Black "Hardarson, Robert"]
[Result "1/2-1/2"]
[WhiteElo "2375"]
[BlackElo "2307"]
[PlyCount "34"]
[EventDate "2004.04.03"]
[Source "Roberto Alvarez"]
[SourceDate "2004.04.19"]

1. e4 e5 2. f4 d5 3. exd5 exf4 4. Nf3 Bd6 5. Bc4 Ne7 6. d4 O-O 7. O-O Bg4 8. Nc3 Nd7 9. Ne4 Nb6 10. Bd3 Nbxd5 11. c4 Ne3 12. Bxe3 fxe3 13. Qe1 Ng6 14. Qxe3 Bf4 15. Qf2 Bxf3 16. gxf3 f5 17. Ng3 Qg5 1/2-1/2

[Event "SLO Ch"]
[Site "Vrhnika"]
[Date "1995.??.??"]
[Round "?"]
[White "Barle, Janez"]
[Black "Kolar, Srecko"]
[Result "1-0"]
[WhiteElo "2455"]
[BlackElo "2215"]
[PlyCount "82"]
[EventDate "1995.??.??"]
[Source "www.chesslib.no"]
[SourceDate "2004.05.04"]

1. e4 e5 2. f4 d5 3. exd5 exf4 4. Nf3 Bd6 5. d4 Ne7 6. c4 b6 7. Bd3 h6 8. Nc3 O-O 9. O-O Nd7 10. Ne4 Ng6 11. Nxd6 cxd6 12. Qc2 Qf6 13. Bd2 Bb7 14. Qa4 Rfd8 15. Rae1 Ndf8 16. Re4 Bc8 17. Re8 Bd7 18. Rxd8 Bxa4 19. Rxa8 Qe7 20. b3 Bd7 21. Rxa7 Qf6 22. Bc3 Bf5 23. Bxf5 Qxf5 24. Ra6 Nd7 25. Bb4 Qd3 26. Bxd6 Nf6 27. Bb4 Kh7 28. d6 Nf8 29. Be1 Ne4 30. Bf2 Nd7 31. Ra7 Nef6 32. Ne5 Qf5 33. Nxd7 Nxd7 34. b4 Nf6 35. c5 bxc5 36. dxc5 Qd5 37. Re7 Ne4 38. Rxe4 Qxe4 39. d7 Qd5 40. c6 f3 41. gxf3 Qxf3 1-0

[Event "It \"]
[Site "Dresden GER"]
[Date "1986.??.??"]
[Round "?"]
[White "Lieb, Harald"]
[Black "Knuth, Hannes"]
[Result "1/2-1/2"]
[WhiteElo "2310"]
[BlackElo "2350"]
[PlyCount "121"]
[EventDate "1986.??.??"]
[Source "www.chesslib.no"]
[SourceDate "2004.05.04"]

1. e4 e5 2. f4 d5 3. exd5 e4 4. d3 exd3 5. Qxd3 Nf6 6. Nc3 Bd6 7. Bd2 O-O 8. O-O-O Na6 9. h3 Nb4 10. Qf3 Bf5 11. g4 Nxa2+ 12. Kb1 Nxc3+ 13. Qxc3 Be4 14. Rh2 Bxd5 15. Bc1 Ne4 16. Qe1 Bc6 17. Nf3 Re8 18. Ne5 Nc5 19. Bc4 Qf6 20. Re2 Bxe5 21. fxe5 Qe7 22. Qf2 Ne6 23. Rf1 a6 24. Bd3 Rad8 25. Qf5 Rxd3 26. Qxd3 Rd8 27. Qg3 Bb5 28. Ref2 Bxf1 29. Rxf1 Nd4 30. Qf2 Rd7 31. Rd1 Nc6 32. Re1 Qe6 33. Bd2 h6 34. Bc3 b5 35. Qf3 b4 36. Bxb4 Rd5 37. Bc3 Ne7 38. g5 hxg5 39. Rg1 Ng6 40. Rxg5 c6 41. b3 a5 42. Qe4 Qxh3 43. Kb2 Qe6 44. Ka2 Nf8 45. Qg2 Ng6 46. Qe4 Rb5 47. Qd4 Nf8 48. Qg1 Qh6 49. Rg4 Ne6 50. Rc4 c5 51. Qf2 Qh3 52. Kb2 Qh1 53. Rh4 Qd5 54. Qh2 Kf8 55. Rh8+ Ke7 56. Qh4+ Kd7 57. Qa4 Qc6 58. Bxa5 c4 59. Rh2 cxb3 60. Rd2+ Kc8 61. c4 1/2-1/2

[Event "Foment Open"]
[Site "Barcelona ESP"]
[Date "1992.??.??"]
[Round "?"]
[White "Narciso Dublan, Marc"]
[Black "Sorin, Ariel"]
[Result "1/2-1/2"]
[WhiteElo "2240"]
[BlackElo "2415"]
[PlyCount "58"]
[EventDate "1992.??.??"]
[Source "www.chesslib.no"]
[SourceDate "2004.05.04"]

1. e4 e5 2. f4 d5 3. exd5 c6 4. Qe2 e4 5. Qxe4+ Be7 6. d6 Qxd6 7. Nf3 Nf6 8. Qe5 O-O 9. Bc4 c5 10. O-O Nc6 11. Qxd6 Bxd6 12. d3 Bg4 13. Nc3 Rae8 14. Bb5 Bxf3 15. Rxf3 Re1+ 16. Rf1 Rxf1+ 17. Kxf1 Nd4 18. Ba4 a6 19. Ne4 Nxe4 20. dxe4 b5 21. Bb3 c4 22. c3 Ne6 23. e5 Bc7 24. Bd1 f6 25. exf6 Rxf6 26. g3 g5 27. Bg4 gxf4 28. Bxe6+ Rxe6 29. Bxf4 Bxf4 1/2-1/2

[Event "Gyongyos Open"]
[Site "Gyongyos"]
[Date "1995.??.??"]
[Round "?"]
[White "Eberth, Zoltan"]
[Black "Neverov, Anatoly"]
[Result "0-1"]
[WhiteElo "2210"]
[BlackElo "2440"]
[PlyCount "84"]
[EventDate "1995.??.??"]
[Source "www.chesslib.no"]
[SourceDate "2004.05.04"]

1. e4 e5 2. f4 d5 3. exd5 c6 4. Qe2 cxd5 5. fxe5 Nc6 6. Nf3 Bg4 7. Nc3 d4 8. Ne4 Qd5 9. c4 Qa5 10. c5 O-O-O 11. Qb5 Qxb5 12. Bxb5 Bxf3 13. Bxc6 Bxg2 14. Rg1 bxc6 15. Rxg2 Re8 16. d3 f5 17. Ng5 Rxe5+ 18. Kd1 Nh6 19. Bf4 Rd5 20. b4 Kd7 21. Kd2 Be7 22. Ne6 Kxe6 23. Rxg7 Nf7 24. Re1+ Kf6 25. Rg2 Ne5 26. Kc2 Ng6 27. Rge2 Nxf4 28. Rxe7 a5 29. Rc7 axb4 30. Rxc6+ Kg5 31. Rg1+ Kh5 32. Rg3 Ra8 33. Kb3 Ra3+ 34. Kxb4 Rxd3 35. Rg7 h6 36. Rh7 Kg4 37. Rhxh6 Rh3 38. a4 d3 39. Rhg6+ Nxg6 40. Rxg6+ Kf4 41. Rg1 d2 42. Rd1 Ke3 0-1

[Event "Finkenstein Open"]
[Site "Finkenstein"]
[Date "1994.??.??"]
[Round "?"]
[White "Hresc, Vladimir"]
[Black "Keller, Manfred"]
[Result "1/2-1/2"]
[WhiteElo "2420"]
[BlackElo "2225"]
[PlyCount "58"]
[EventDate "1994.??.??"]
[Source "www.chesslib.no"]
[SourceDate "2004.05.04"]

1. e4 e5 2. f4 d5 3. exd5 c6 4. Qe2 cxd5 5. fxe5 Nc6 6. c3 Qc7 7. Nf3 Bg4 8. Qe3 Bxf3 9. Qxf3 Qxe5+ 10. Be2 d4 11. O-O Nf6 12. d3 Bd6 13. g3 O-O 14. Bf4 Qe6 15. c4 Bxf4 16. gxf4 Rfe8 17. Rf2 Qf5 18. Nd2 Re3 19. Qg2 Nh5 20. Qd5 Qg6+ 21. Rg2 Rxe2 22. Rxg6 hxg6 23. Nf3 Nxf4 24. Qd7 Rxb2 25. Re1 Rf8 26. h4 Ne2+ 27. Kf2 Nf4+ 28. Kg3 Nh5+ 29. Kh3 Nf4+ 1/2-1/2

[Event "POL Team Ch"]
[Site "Mikolajki"]
[Date "1991.??.??"]
[Round "7"]
[White "Przedmojski, Rafal"]
[Black "Juroszek, Tadeusz"]
[Result "1/2-1/2"]
[WhiteElo "2280"]
[BlackElo "2360"]
[PlyCount "64"]
[EventDate "1991.??.??"]
[Source "www.chesslib.no"]
[SourceDate "2004.05.04"]

1. e4 e5 2. f4 d5 3. exd5 c6 4. Nc3 exf4 5. Bc4 Qh4+ 6. Kf1 f3 7. d4 fxg2+ 8. Kxg2 Nf6 9. Qe2+ Kd8 10. Qf2 Qxf2+ 11. Kxf2 b5 12. Bb3 b4 13. Nce2 Nxd5 14. Nf4 Bb7 15. Nf3 f6 16. Ne6+ Kd7 17. Re1 a5 18. Bd2 Na6 19. a3 Nac7 20. Nxf8+ Rhxf8 21. c4 bxc3 22. bxc3 a4 23. Ba2 Ba6 24. c4 Nb6 25. Rac1 Rfe8 26. Red1 Nc8 27. Bb4 Nd6 28. Ne5+ fxe5 29. dxe5 Rxe5 30. Rxd6+ Kc8 31. Re1 Rf5+ 32. Kg3 c5 1/2-1/2

[Event "La Bordeta op"]
[Site "La Bordeta"]
[Date "1999.??.??"]
[Round "2"]
[White "Heredia Tarrats, Amadeo"]
[Black "Korneev, Oleg"]
[Result "0-1"]
[WhiteElo "2025"]
[BlackElo "2615"]
[PlyCount "98"]
[EventDate "1999.??.??"]
[Source "www.chesslib.no"]
[SourceDate "2004.05.04"]

1. e4 e5 2. f4 d5 3. exd5 exf4 4. Bc4 Nf6 5. Nc3 Nbd7 6. Nf3 Nb6 7. Bb5+ Bd7 8. Qe2+ Be7 9. d6 cxd6 10. O-O O-O 11. Bxd7 Qxd7 12. d4 Nh5 13. Ne1 g6 14. Bxf4 Nxf4 15. Rxf4 Bg5 16. Ne4 Qe7 17. Rg4 Bh6 18. Nc3 Qe3+ 19. Qf2 f5 20. Rg3 Rae8 21. Nd3 Nc4 22. Re1 Qxf2+ 23. Kxf2 Rxe1 24. Nxe1 Nxb2 25. Nb5 Nc4 26. Rc3 d5 27. Nf3 Bf4 28. g3 Bb8 29. Rb3 Rc8 30. Ke2 b6 31. Nc3 Na5 32. Nxd5 Rxc2+ 33. Kd1 Nxb3 34. Kxc2 Na5 35. Kd3 h6 36. a4 Kf7 37. Nh4 Nb7 38. Nb4 Nd8 39. Kc4 Bd6 40. Ng2 g5 41. Nd3 Ke6 42. Nge1 a6 43. Nf3 Nb7 44. d5+ Kf6 45. Kd4 Nc5 46. Nxc5 Bxc5+ 47. Kc4 g4 48. Nd4 Bxd4 49. Kxd4 h5 0-1

[Event "Pau Open"]
[Site "Pau"]
[Date "1988.??.??"]
[Round "2"]
[White "Le Godec, Daniel"]
[Black "Gavrilakis, Nikolaos"]
[Result "0-1"]
[WhiteElo "2210"]
[BlackElo "2410"]
[PlyCount "40"]
[EventDate "1988.??.??"]
[Source "www.chesslib.no"]
[SourceDate "2004.05.04"]

1. e4 e5 2. f4 d5 3. exd5 c6 4. Nc3 exf4 5. Be2 Bd6 6. d4 Ne7 7. Nf3 O-O 8. O-O Nxd5 9. Nxd5 cxd5 10. Ne5 f6 11. Nd3 g5 12. Bf3 Be6 13. c4 dxc4 14. Bxb7 Nd7 15. Nf2 Rb8 16. Bf3 f5 17. h3 Nf6 18. d5 Bd7 19. Kh1 g4 20. hxg4 fxg4 0-1

[Event "Arnold mem"]
[Site "Gausdal"]
[Date "1997.??.??"]
[Round "7"]
[White "Westerinen, Heikki MJ"]
[Black "Moen, Andreas"]
[Result "1-0"]
[WhiteElo "2410"]
[BlackElo "2205"]
[PlyCount "43"]
[EventDate "1997.??.??"]
[Source "www.chesslib.no"]
[SourceDate "2004.05.04"]

1. e4 e5 2. f4 d5 3. exd5 exf4 4. Bc4 Qh4+ 5. Kf1 Bd6 6. d4 Ne7 7. Nc3 Bf5 8. Nb5 g5 9. Nf3 Qh5 10. Qe2 Kf8 11. Bd2 Nd7 12. Re1 Re8 13. h4 f6 14. Nxd6 cxd6 15. Bb4 Kg7 16. Qxe7+ Rxe7 17. Rxe7+ Kg6 18. Bxd6 g4 19. Ne1 Nb6 20. Nd3 Nxd5 21. Nxf4+ Nxf4 22. Bf7+ 1-0

[Event "corr C1995F.001"]
[Site "IECG"]
[Date "1997.??.??"]
[Round "?"]
[White "Nasman, Per"]
[Black "Andresen, Joao Henrique"]
[Result "1-0"]
[WhiteElo "2395"]
[BlackElo "2216"]
[PlyCount "53"]
[EventDate "1997.09.01"]
[Source "www.chesslib.no"]
[SourceDate "2004.05.04"]

1. e4 e5 2. f4 d5 3. exd5 c6 4. Qe2 cxd5 5. fxe5 Nc6 6. Nf3 Bg4 7. Qf2 Bxf3 8. Qxf3 Qh4+ 9. Kd1 O-O-O 10. g3 Qe7 11. Bh3+ Kb8 12. Re1 Nd4 13. Qf2 Ne6 14. d3 d4 15. Nd2 Qc7 16. Nb3 Bb4 17. Re4 Nh6 18. Nxd4 Nxd4 19. Rxd4 Bc5 20. Rxd8+ Rxd8 21. Qe2 Qc6 22. c3 Qg6 23. d4 Nf5 24. Ke1 Bb6 25. Qg4 Nxd4 26. cxd4 Qd3 27. Bg5 1-0